[Event "Mecklenburg VP LL 0910"]
[Site "Mecklenburg VP"]
[Date "2010.03.21"]
[Round "8.8"]
[White "Zimmermann, Gordon"]
[Black "Markovych, Illya"]
[Result "0-1"]
[WhiteElo "1800"]
[BlackElo "1624"]
[PlyCount "40"]
[EventDate "2009.10.18"]
[EventType "team-tourn"]
[EventRounds "9"]
[EventCountry "GER"]
[SourceTitle "EXT 2016"]
[Source "ChessBase"]
[SourceDate "2015.10.08"]
[SourceVersion "1"]
[SourceVersionDate "2015.10.08"]
[SourceQuality "1"]
[WhiteTeam "Greifswald II"]
[BlackTeam "Rostock Uni"]
[WhiteTeamCountry "GER"]
[BlackTeamCountry "GER"]

1. e4 e6 2. d4 d5 3. Nd2 Nc6 4. Ngf3 Nf6 5. Bd3 Nb4 6. Qe2 Nxd3+ 7. Qxd3 Be7 8. 0-0 0-0 9. Re1 b6 10. Ne5 Bb7 11. exd5 Qxd5 12. Ndf3 Nd7 13. c4 Nxe5 14. Rxe5 Qd7 15. Rh5 g6 16. Ne5 Qd8 17. Rh6 Bg5 18. Rh3 Bxc1 19. Rxc1 Qg5 20. Qf1 Bxg2 0-1

[Event "Mecklenburg VP LL 0809"]
[Site "Mecklenburg VP"]
[Date "2008.10.26"]
[Round "2.5"]
[White "Gareis, Roberto"]
[Black "Zimmermann, Gordon"]
[Result "1/2-1/2"]
[WhiteElo "1876"]
[BlackElo "1830"]
[PlyCount "29"]
[EventDate "2008.10.05"]
[EventType "team-tourn"]
[EventRounds "9"]
[EventCountry "GER"]
[SourceTitle "EXT 2022"]
[Source "ChessBase"]
[SourceDate "2021.10.06"]
[SourceVersion "1"]
[SourceVersionDate "2021.10.06"]
[SourceQuality "1"]
[WhiteTeam "Rostock HSG Uni"]
[BlackTeam "Greifswald II"]
[WhiteTeamCountry "GER"]
[BlackTeamCountry "GER"]

1. d4 Nf6 2. Bg5 Ne4 3. Bf4 c5 4. f3 Nf6 5. d5 Qa5+ 6. Nc3 d6 7. e4 g6 8. Bd3 Bg7 9. Nge2 Nbd7 10. g4 Nb6 11. Ng3 Nfd7 12. Bd2 Ne5 13. 0-0 Nbc4 14. Rb1 0-0 15. h3 1/2-1/2

[Event "Mecklenburg VP LL 0809"]
[Site "Mecklenburg VP"]
[Date "2008.10.05"]
[Round "1.7"]
[White "Zimmermann, Gordon"]
[Black "Rogasch, Miriam"]
[Result "0-1"]
[WhiteElo "1830"]
[BlackElo "1424"]
[PlyCount "74"]
[EventDate "2008.10.05"]
[EventType "team-tourn"]
[EventRounds "9"]
[EventCountry "GER"]
[SourceTitle "EXT 2022"]
[Source "ChessBase"]
[SourceDate "2021.10.06"]
[SourceVersion "1"]
[SourceVersionDate "2021.10.06"]
[SourceQuality "1"]
[WhiteTeam "Greifswald II"]
[BlackTeam "Gryps SV"]
[WhiteTeamCountry "GER"]
[BlackTeamCountry "GER"]

1. e4 e5 2. Nf3 Nc6 3. Bb5 a6 4. Bxc6 dxc6 5. 0-0 Bd6 6. d4 Bg4 7. dxe5 Bxf3 8. Qxf3 Bxe5 9. c3 Nf6 10. Nd2 Qe7 11. Kh1 0-0-0 12. Qe3 Kb8 13. f4 Bd6 14. b4 Qe6 15. Re1 Ng4 16. Qf3 g5 17. e5 gxf4 18. Nb3 Nxe5 19. Qe4 Qd5 20. Bxf4 Qxe4 21. Rxe4 Nd3 22. Be3 Rhe8 23. Rxe8 Rxe8 24. Bd2 Re2 25. Kg1 c5 26. Rd1 cxb4 27. cxb4 Nxb4 28. Bxb4 Bxb4 29. Rd8+ Ka7 30. Rh8 Rxa2 31. Rxh7 Rb2 32. Rh3 a5 33. Kf1 a4 34. Nd4 c6 35. Rh4 a3 36. Nc2 Rxc2 37. Rxb4 a2 0-1

[Event "Mecklenburg VP LL 0708"]
[Site "Mecklenburg VP"]
[Date "2007.11.25"]
[Round "3.4"]
[White "Zimmermann, Gordon"]
[Black "Altenburg, Reiner"]
[Result "1/2-1/2"]
[WhiteElo "1790"]
[BlackElo "1782"]
[PlyCount "46"]
[EventDate "2007.10.21"]
[EventType "team-tourn"]
[EventRounds "9"]
[EventCountry "GER"]
[SourceTitle "EXT 2016"]
[Source "ChessBase"]
[SourceDate "2015.10.08"]
[SourceVersion "1"]
[SourceVersionDate "2015.10.08"]
[SourceQuality "1"]
[WhiteTeam "Greifswald II"]
[BlackTeam "Ludwigslust Post SV"]
[WhiteTeamCountry "GER"]
[BlackTeamCountry "GER"]

1. e4 c5 2. Nf3 Nc6 3. d4 cxd4 4. Nxd4 Nf6 5. Nc3 e5 6. Ndb5 d6 7. Nd5 Nxd5 8. exd5 Ne7 9. c4 Ng6 10. Be3 Bd7 11. Nc3 Be7 12. Be2 0-0 13. 0-0 f5 14. f3 f4 15. Bf2 Bf5 16. b4 Bh4 17. Qb3 Bxf2+ 18. Rxf2 b6 19. Bf1 Rc8 20. Qa4 Rf7 21. Rc1 Rfc7 22. Qa6 Bd7 23. Rd2 Qf8 1/2-1/2

[Event "GER-chT WK 3 U16"]
[Site "Kiel"]
[Date "2007.05.17"]
[Round "5.1"]
[White "Gruenter, Martin"]
[Black "Zimmermann, Gordon"]
[Result "0-1"]
[WhiteElo "1957"]
[BlackElo "1938"]
[PlyCount "64"]
[EventDate "2007.05.17"]
[EventType "team-swiss"]
[EventRounds "7"]
[EventCountry "GER"]
[SourceTitle "EXT 2008"]
[Source "ChessBase"]
[SourceDate "2007.11.25"]
[SourceVersion "1"]
[SourceVersionDate "2007.11.25"]
[SourceQuality "1"]

1. e4 c5 2. c3 Nf6 3. e5 Nd5 4. d4 Nc6 5. Nf3 cxd4 6. Bc4 Nb6 7. Bb3 e6 8. cxd4 d6 9. 0-0 Be7 10. Nc3 a6 11. Qe2 0-0 12. a3 Qc7 13. Rd1 Rd8 14. Bf4 d5 15. Ng5 h6 16. Nh3 Bf8 17. Rac1 Qe7 18. Qg4 g6 19. Bg3 Qd7 20. Bh4 Re8 21. Bc2 Nc4 22. Na4 b5 23. b3 N4xe5 24. dxe5 bxa4 25. Qf3 Bxa3 26. Ra1 Bb2 27. Rxa4 Bxe5 28. Rg4 Bg7 29. Bg3 Ne7 30. Qd3 e5 31. Ra4 Bb7 32. Kh1 d4 0-1

[Event "GER-chT WK 3 U16"]
[Site "Kiel"]
[Date "2007.05.17"]
[Round "2.1"]
[White "Guennigmann, Manuel"]
[Black "Zimmermann, Gordon"]
[Result "1/2-1/2"]
[WhiteElo "1967"]
[BlackElo "1938"]
[PlyCount "63"]
[EventDate "2007.05.17"]
[EventType "team-swiss"]
[EventRounds "7"]
[EventCountry "GER"]
[SourceTitle "EXT 2008"]
[Source "ChessBase"]
[SourceDate "2007.11.25"]
[SourceVersion "1"]
[SourceVersionDate "2007.11.25"]
[SourceQuality "1"]

1. e4 c5 2. Nf3 d6 3. d4 cxd4 4. Nxd4 Nf6 5. Nc3 a6 6. f3 e5 7. Nb3 Be6 8. Be3 Nbd7 9. g4 b5 10. g5 Nh5 11. Qd2 Nb6 12. Nd5 Bxd5 13. exd5 Be7 14. 0-0-0 0-0 15. Na5 Qc7 16. Nc6 Rfe8 17. Qa5 Nxd5 18. Qxc7 Nxc7 19. Nxe7+ Rxe7 20. Rxd6 g6 21. Bh3 Rae8 22. Rhd1 e4 23. fxe4 Rxe4 24. Bb6 Ne6 25. Bg2 Rg4 26. Bc6 Re7 27. Bd7 Rxg5 28. Bxe6 Rxe6 29. Rxe6 fxe6 30. Rd8+ Kf7 31. Rd7+ Kg8 32. Rd8+ 1/2-1/2

[Event "GER-chT WK 3 U16"]
[Site "Kiel"]
[Date "2007.05.17"]
[Round "4.1"]
[White "Zimmermann, Gordon"]
[Black "Hoeger, Bastian"]
[Result "1-0"]
[WhiteElo "1938"]
[BlackElo "1558"]
[PlyCount "68"]
[EventDate "2007.05.17"]
[EventType "team-swiss"]
[EventRounds "7"]
[EventCountry "GER"]
[SourceTitle "EXT 2008"]
[Source "ChessBase"]
[SourceDate "2007.11.25"]
[SourceVersion "1"]
[SourceVersionDate "2007.11.25"]
[SourceQuality "1"]

1. e4 c5 2. Nf3 d6 3. d4 cxd4 4. Nxd4 Nf6 5. Nc3 g6 6. Be3 Bg7 7. f3 0-0 8. Qd2 Nc6 9. Bc4 a6 10. g4 Ne5 11. Bb3 b5 12. h4 Bb7 13. h5 Nc4 14. Bxc4 bxc4 15. Bh6 Bc8 16. Bxg7 Kxg7 17. hxg6 fxg6 18. 0-0-0 Rh8 19. Qh6+ Kf7 20. e5 Ng8 21. Qf4+ Kg7 22. exd6 exd6 23. Nc6 Qf6 24. Qxd6 Qxd6 25. Rxd6 Nf6 26. Re1 Rf8 27. g5 Nh5 28. Nd5 Bf5 29. Nb6 Rae8 30. Rxe8 Rxe8 31. Nxc4 Re1+ 32. Kd2 Rf1 33. Nd4 Ng3 34. Rxa6 Rf2+ 1-0

[Event "Mecklenburg VP-ch Meister"]
[Site "Nakensdorf"]
[Date "2007.04.09"]
[Round "9.11"]
[White "Zimmermann, Gordon"]
[Black "Laser, Dirk"]
[Result "0-1"]
[WhiteElo "1938"]
[BlackElo "2029"]
[PlyCount "42"]
[EventDate "2007.04.05"]
[EventType "swiss"]
[EventRounds "9"]
[EventCountry "GER"]
[SourceTitle "EXT 2015"]
[Source "ChessBase"]
[SourceDate "2014.11.20"]
[SourceVersion "1"]
[SourceVersionDate "2014.11.20"]
[SourceQuality "1"]

1. e4 c5 2. Nf3 d6 3. d4 cxd4 4. Nxd4 Nf6 5. Nc3 g6 6. Be3 Bg7 7. f3 0-0 8. Qd2 Nc6 9. 0-0-0 Bd7 10. g4 Ne5 11. h4 Rc8 12. h5 Qa5 13. Kb1 Rxc3 14. Qxc3 Qxc3 15. bxc3 Nxf3 16. Nxf3 Bxg4 17. Be2 Nxe4 18. Bd2 Bxc3 19. Bh6 Bg7 20. Bxg7 Kxg7 21. Rdg1 Bxf3 0-1

[Event "Mecklenburg VP-ch Meister"]
[Site "Nakensdorf"]
[Date "2007.04.07"]
[Round "5.14"]
[White "Hopp, Peter"]
[Black "Zimmermann, Gordon"]
[Result "1-0"]
[WhiteElo "1722"]
[BlackElo "1938"]
[PlyCount "41"]
[EventDate "2007.04.05"]
[EventType "swiss"]
[EventRounds "9"]
[EventCountry "GER"]
[SourceTitle "EXT 2015"]
[Source "ChessBase"]
[SourceDate "2014.11.20"]
[SourceVersion "1"]
[SourceVersionDate "2014.11.20"]
[SourceQuality "1"]

1. e4 c5 2. Nf3 d6 3. Nc3 Nf6 4. Bc4 a6 5. a3 g6 6. d3 Bg7 7. h3 Nc6 8. 0-0 0-0 9. Bg5 b5 10. Bd5 Nxd5 11. exd5 Ne5 12. Nxe5 Bxe5 13. Bh6 Re8 14. f4 Bd4+ 15. Kh1 Bb7 16. f5 b4 17. axb4 cxb4 18. Qg4 Bxc3 19. bxc3 bxc3 20. fxg6 hxg6 21. Rxf7 1-0

[Event "Mecklenburg VP-ch Meister"]
[Site "Nakensdorf"]
[Date "2007.04.05"]
[Round "1.9"]
[White "Schoenrock, Ruediger"]
[Black "Zimmermann, Gordon"]
[Result "1/2-1/2"]
[WhiteElo "2081"]
[BlackElo "1938"]
[PlyCount "51"]
[EventDate "2007.04.05"]
[EventType "swiss"]
[EventRounds "9"]
[EventCountry "GER"]
[SourceTitle "EXT 2015"]
[Source "ChessBase"]
[SourceDate "2014.11.20"]
[SourceVersion "1"]
[SourceVersionDate "2014.11.20"]
[SourceQuality "1"]

1. e4 c5 2. c3 Nf6 3. e5 Nd5 4. d4 cxd4 5. cxd4 e6 6. Nf3 d6 7. Nc3 Nb6 8. Bd3 Nc6 9. 0-0 Be7 10. exd6 Bxd6 11. a3 0-0 12. Bc2 h6 13. Qd3 f5 14. Re1 Qf6 15. Bd2 Bd7 16. d5 Ne5 17. Nxe5 Bxe5 18. Qe2 Bd6 19. dxe6 Bc6 20. e7 Rfe8 21. Qe6+ Qxe6 22. Rxe6 Bxe7 23. Rae1 Kf8 24. Bxf5 Nc4 25. R6e2 Bf6 26. Rxe8+ 1/2-1/2

[Event "Mecklenburg VP-ch U14"]
[Site "Malchow"]
[Date "2007.02.06"]
[Round "6"]
[White "Wolf, Christoph"]
[Black "Zimmermann, Gordon"]
[Result "1/2-1/2"]
[WhiteElo "1446"]
[BlackElo "1938"]
[PlyCount "100"]
[EventDate "2007.02.03"]
[EventType "swiss"]
[EventRounds "7"]
[EventCountry "GER"]
[SourceTitle "EXT 2022"]
[Source "ChessBase"]
[SourceDate "2021.10.06"]
[SourceVersion "1"]
[SourceVersionDate "2021.10.06"]
[SourceQuality "1"]

1. e4 c5 2. Nf3 d6 3. d4 cxd4 4. Nxd4 Nf6 5. Nc3 a6 6. Bd3 e5 7. Nf3 Be6 8. 0-0 Be7 9. Be3 Nbd7 10. Ng5 Bg4 11. Be2 Bxe2 12. Qxe2 0-0 13. Rad1 h6 14. Nf3 b5 15. a3 Rc8 16. Qd3 Qa5 17. Nh4 Nc5 18. Bxc5 dxc5 19. Nf5 Bd8 20. Qg3 g6 21. Nxh6+ Kg7 22. Nf5+ Kg8 23. Nd6 Rc6 24. Nb7 Qc7 25. Nxd8 Rxd8 26. Rxd8+ Qxd8 27. Qxe5 Re6 28. Qxc5 Nxe4 29. Nxe4 Rxe4 30. b3 Rd4 31. h3 Rd5 32. Qc6 Rd6 33. Qe4 Re6 34. Qd3 Qxd3 35. cxd3 Re2 36. Rd1 Rb2 37. a4 Rxb3 38. axb5 Rxb5 39. Ra1 Rd5 40. Rxa6 Rxd3 41. Kf1 Rd1+ 42. Ke2 Rb1 43. Ra3 Kg7 44. Kf3 Rb4 45. Kg3 Rc4 46. f4 Rc2 47. Kf3 Rc1 48. g4 Rf1+ 49. Kg3 Rg1+ 50. Kf2 Rh1 1/2-1/2

[Event "Mecklenburg VP LL 0607"]
[Site "Mecklenburg VP"]
[Date "2006.10.29"]
[Round "2.2"]
[White "Zimmermann, Gordon"]
[Black "Hubert, Peter"]
[Result "0-1"]
[WhiteElo "1850"]
[BlackElo "2014"]
[PlyCount "78"]
[EventDate "2006.10.15"]
[EventType "team"]
[EventRounds "9"]
[EventCountry "GER"]
[SourceTitle "EXT 2008"]
[Source "ChessBase"]
[SourceDate "2007.11.25"]
[SourceVersion "1"]
[SourceVersionDate "2007.11.25"]
[SourceQuality "1"]
[WhiteTeam "Greifswald II"]
[BlackTeam "Stralsund FHSG"]
[WhiteTeamCountry "GER"]
[BlackTeamCountry "GER"]

1. e4 c6 2. d4 d5 3. Nd2 dxe4 4. Nxe4 Nf6 5. Ng3 h5 6. h4 Bg4 7. Be2 Qc7 8. Nf3 Nbd7 9. Be3 e6 10. Ng5 Nd5 11. Qd2 N7f6 12. 0-0-0 Nxe3 13. Qxe3 Bd6 14. Kb1 Bxg3 15. fxg3 Bxe2 16. Qxe2 Qxg3 17. Rh3 Qg4 18. Qd2 0-0 19. Rf1 Ne4 20. Nxe4 Qxe4 21. Rf4 Qd5 22. Rg3 g6 23. Rg5 Qd6 24. g4 Rfe8 25. Rf6 Kg7 26. Qf2 Qe7 27. Rf4 f6 28. Rc5 e5 29. dxe5 fxe5 30. Re4 Qf6 31. Qxf6+ Kxf6 32. g5+ Kf5 33. Re1 Rad8 34. c3 Rd5 35. Rf1+ Kg4 36. Rc4+ e4 37. Rf7 Kxh4 38. Rxb7 Kxg5 39. Rxc6 e3 0-1

[Event "GER-ch U12"]
[Site "Willingen"]
[Date "2006.06.05"]
[Round "4"]
[White "Zimmermann, Gordon"]
[Black "Schindlbeck, Tobias"]
[Result "1-0"]
[WhiteElo "1920"]
[BlackElo "1551"]
[PlyCount "107"]
[EventDate "2006.06.03"]
[EventType "swiss"]
[EventRounds "11"]
[EventCountry "GER"]
[SourceTitle "EXT 2007"]
[Source "ChessBase"]
[SourceDate "2006.11.23"]
[SourceVersion "1"]
[SourceVersionDate "2006.11.23"]
[SourceQuality "1"]

1. e4 c5 2. Nf3 d6 3. d4 cxd4 4. Nxd4 Nf6 5. Nc3 g6 6. Be3 Bg7 7. f3 Nc6 8. Qd2 0-0 9. Bc4 Bd7 10. h4 Rc8 11. Bb3 Ne5 12. 0-0-0 Nc4 13. Bxc4 Rxc4 14. g4 a6 15. h5 b5 16. Nb3 Qc7 17. Kb1 Rc8 18. Rh2 Bxg4 19. fxg4 Nxg4 20. Nd5 Qd8 21. Rg2 Rxe4 22. hxg6 fxg6 23. Bg5 h5 24. Nb6 Qxb6 25. Qd5+ Kh7 26. Qxe4 Nf2 27. Be3 Nxe4 28. Bxb6 Be5 29. Bd4 Bxd4 30. Nxd4 Rf8 31. c3 g5 32. Ne6 Rf5 33. Re2 Ng3 34. Nd4 Rf7 35. Rg2 h4 36. Ne2 Nxe2 37. Rxe2 Kh6 38. Kc2 g4 39. Rd3 Kg5 40. Kd2 h3 41. Ke1 Rh7 42. Rh2 e5 43. Kf2 Kh4 44. Kg1 g3 45. Re2 Rf7 46. Rxd6 h2+ 47. Kg2 Kg4 48. Rg6+ Kf4 49. Re1 Rd7 50. Rf1+ Ke4 51. Rg4+ Ke3 52. Rxg3+ Kd2 53. Rf2+ Kc1 54. Kxh2 1-0

[Event "Mecklenburg VP-ch MT"]
[Site "Nakenstorf"]
[Date "2006.04.16"]
[Round "7.9"]
[White "Zimmermann, Gordon"]
[Black "Valet, Richard"]
[Result "1/2-1/2"]
[WhiteElo "1929"]
[BlackElo "2058"]
[PlyCount "48"]
[EventDate "2006.04.13"]
[EventType "swiss"]
[EventRounds "9"]
[EventCountry "GER"]
[SourceTitle "EXT 2022"]
[Source "ChessBase"]
[SourceDate "2021.10.06"]
[SourceVersion "1"]
[SourceVersionDate "2021.10.06"]
[SourceQuality "1"]

1. e4 c5 2. Nf3 Nc6 3. d4 cxd4 4. Nxd4 Nf6 5. Nc3 e5 6. Ndb5 d6 7. Nd5 Nxd5 8. exd5 Nb8 9. c4 a6 10. Nc3 Be7 11. Be2 0-0 12. 0-0 f5 13. f4 Bf6 14. Be3 Nd7 15. a4 b6 16. Na2 a5 17. Nc3 Nc5 18. Qc2 exf4 19. Bxf4 Bg5 20. Nb5 Bxf4 21. Rxf4 g5 22. Rf3 Qf6 23. Raf1 f4 24. Nc3 Bf5 1/2-1/2

[Event "Mecklenburg VP LL1 0506"]
[Site "Mecklenburg VP"]
[Date "2006.01.29"]
[Round "6.3"]
[White "Dambach, Rainer"]
[Black "Zimmermann, Gordon"]
[Result "1/2-1/2"]
[WhiteElo "1952"]
[BlackElo "1748"]
[PlyCount "60"]
[EventDate "2005.10.23"]
[EventType "team"]
[EventRounds "9"]
[EventCountry "GER"]
[SourceTitle "EXT 2008"]
[Source "ChessBase"]
[SourceDate "2007.11.25"]
[SourceVersion "1"]
[SourceVersionDate "2007.11.25"]
[SourceQuality "1"]
[WhiteTeam "Pasewalk"]
[BlackTeam "Greifswald II"]
[WhiteTeamCountry "GER"]
[BlackTeamCountry "GER"]

1. c4 c5 2. Nc3 Nf6 3. Nf3 Nc6 4. d4 cxd4 5. Nxd4 g6 6. e4 Bg7 7. Be3 d6 8. Be2 0-0 9. 0-0 Rb8 10. Qd2 a6 11. Rac1 Ne5 12. f3 Bd7 13. Rfd1 Be6 14. b3 Re8 15. Bf1 Qa5 16. Qf2 Bd7 17. a4 Rec8 18. Qd2 Qb4 19. Nc2 Qa5 20. b4 Qc7 21. Na3 Be6 22. Nd5 Bxd5 23. cxd5 Qd7 24. b5 axb5 25. Bxb5 Qd8 26. Qf2 Qa5 27. Bd2 Qd8 28. Be3 Qa5 29. Qe1 Qd8 30. Qf2 Qa5 1/2-1/2

[Event "Mecklenburg VP LL 0506"]
[Site "Mecklenburg VP"]
[Date "2006.01.15"]
[Round "5.8"]
[White "Menkhaus, Wolf Dieter"]
[Black "Zimmermann, Gordon"]
[Result "1-0"]
[WhiteElo "1918"]
[BlackElo "1748"]
[PlyCount "79"]
[EventDate "2005.10.23"]
[EventType "team"]
[EventRounds "9"]
[EventCountry "GER"]
[SourceTitle "EXT 2008"]
[Source "ChessBase"]
[SourceDate "2007.11.25"]
[SourceVersion "1"]
[SourceVersionDate "2007.11.25"]
[SourceQuality "1"]
[WhiteTeam "Rostock PSV II"]
[BlackTeam "Greifswald"]
[WhiteTeamCountry "GER"]
[BlackTeamCountry "GER"]

1. d4 Nf6 2. c4 g6 3. Nc3 d5 4. cxd5 Nxd5 5. e4 Nxc3 6. bxc3 Bg7 7. Qb3 0-0 8. d5 c6 9. Ba3 cxd5 10. exd5 Qc7 11. Rc1 Qe5+ 12. Be2 Rd8 13. Nf3 Qe4 14. Qc4 Qxd5 15. Rd1 Qa5 16. Rxd8+ Qxd8 17. Bxe7 Qe8 18. Nd4 Bxd4 19. cxd4 Nc6 20. Bf6 Qe4 21. 0-0 Qf4 22. d5 Qxf6 23. dxc6 Qxc6 24. Qxc6 bxc6 25. Bf3 Bd7 26. Rb1 Kf8 27. Rb7 Ke7 28. Bxc6 Rc8 29. Rxd7+ Ke6 30. Ba4 Rc1+ 31. Rd1 Rc3 32. Bb3+ Ke7 33. g3 Rc5 34. Rd4 a5 35. Rd5 Rxd5 36. Bxd5 f6 37. Bg8 h6 38. Kf1 Kd6 39. Ke2 Ke7 40. Kd3 1-0

[Event "Mecklenburg VP LL1 0506"]
[Site "Mecklenburg VP"]
[Date "2005.12.11"]
[Round "4.2"]
[White "Zimmermann, Gordon"]
[Black "Hartung, Lothar"]
[Result "1/2-1/2"]
[WhiteElo "1748"]
[BlackElo "1886"]
[PlyCount "117"]
[EventDate "2005.10.23"]
[EventType "team"]
[EventRounds "9"]
[EventCountry "GER"]
[SourceTitle "EXT 2008"]
[Source "ChessBase"]
[SourceDate "2007.11.25"]
[SourceVersion "1"]
[SourceVersionDate "2007.11.25"]
[SourceQuality "1"]
[WhiteTeam "Greifswald II"]
[BlackTeam "Neubrandenburg SV Turbine"]
[WhiteTeamCountry "GER"]
[BlackTeamCountry "GER"]

1. e4 c5 2. Nf3 Nc6 3. d4 cxd4 4. Nxd4 a6 5. Nc3 e6 6. Nb3 b5 7. Be3 d6 8. f4 Be7 9. Bd3 Nf6 10. Qf3 Bb7 11. Qg3 Nxe4 12. Qh3 Nxc3 13. bxc3 Bf6 14. Nd4 e5 15. Ne2 Qe7 16. fxe5 Nxe5 17. 0-0 Nxd3 18. cxd3 0-0 19. Nd4 Bc8 20. Qf3 Be6 21. Nc6 Qd7 22. Bd4 Bxd4+ 23. Nxd4 Rac8 24. Rfc1 Rc7 25. Rc2 Rfc8 26. Rac1 d5 27. a3 h6 28. Nb3 d4 29. Nxd4 Rxc3 30. Rxc3 Rxc3 31. Ne2 Rxc1+ 32. Nxc1 Qd4+ 33. Qf2 Qc3 34. Qe3 Qxa3 35. Ne2 Qa1+ 36. Kf2 Qa2 37. Qe4 Bd5 38. Qe8+ Kh7 39. Qe5 Be6 40. Qe4+ g6 41. Ke3 Qa1 42. d4 Qa3+ 43. Kf4 Qd6+ 44. Qe5 g5+ 45. Ke3 Qxe5+ 46. dxe5 Kg7 47. Nd4 Kf8 48. Kd3 Ke7 49. Nc6+ Ke8 50. Kd4 Bc8 51. g3 Kd7 52. Kc5 Bb7 53. Nd4 Kc7 54. Nf5 Bc8 55. Nxh6 Be6 56. h4 b4 57. Kxb4 Kc6 58. hxg5 Kd5 59. Ka5 1/2-1/2

[Event "Greifswald Arndt Univ-ch op 2nd"]
[Site "Greifswald"]
[Date "2005.10.13"]
[Round "2"]
[White "Hornych, Christoph"]
[Black "Zimmermann, Gordon"]
[Result "1-0"]
[WhiteElo "2151"]
[BlackElo "1908"]
[PlyCount "65"]
[EventDate "2005.10.13"]
[EventType "swiss"]
[EventRounds "7"]
[EventCountry "GER"]
[SourceTitle "EXT 2023"]
[Source "ChessBase"]
[SourceDate "2022.10.05"]
[SourceVersion "1"]
[SourceVersionDate "2022.10.05"]
[SourceQuality "1"]

1. e4 e5 2. Nf3 Nc6 3. Bc4 Bc5 4. Nc3 Nf6 5. 0-0 0-0 6. d3 h6 7. h3 d6 8. Na4 Bb6 9. a3 Be6 10. Bxe6 fxe6 11. Nxb6 axb6 12. Re1 Qe8 13. d4 exd4 14. Nxd4 Nxd4 15. Qxd4 Ra4 16. c4 Qf7 17. b3 e5 18. Qd3 Raa8 19. Ra2 Qg6 20. Rae2 Kh8 21. b4 Nh5 22. Qc3 Nf4 23. Bxf4 exf4 24. f3 Rf7 25. e5 dxe5 26. Rxe5 Rd7 27. Re6 Qf7 28. Rxh6+ Kg8 29. Rhe6 Qf5 30. c5 Rd3 31. Qc4 Kf8 32. R6e5 Qg6 33. Qxf4+ 1-0

[Event "Hamburg Junge op"]
[Site "Hamburg"]
[Date "2005.10.08"]
[Round "8"]
[White "Zimmermann, Gordon"]
[Black "Meyner, Hannes"]
[Result "0-1"]
[WhiteElo "1748"]
[BlackElo "2041"]
[PlyCount "54"]
[EventDate "2005.10.01"]
[EventType "swiss"]
[EventRounds "9"]
[EventCountry "GER"]
[SourceTitle "CBM 108 Extra"]
[Source "ChessBase"]
[SourceDate "2005.11.04"]
[SourceVersion "1"]
[SourceVersionDate "2005.11.04"]
[SourceQuality "1"]

1. e4 c5 2. Nf3 d6 3. d4 cxd4 4. Nxd4 Nf6 5. Nc3 a6 6. Bg5 e6 7. f4 Nbd7 8. Bc4 Qa5 9. Nb3 Qc7 10. Bd3 b5 11. Qf3 Bb7 12. 0-0 Be7 13. Rae1 h6 14. Bh4 0-0 15. Qh3 b4 16. Nd1 Nc5 17. Nxc5 Qxc5+ 18. Nf2 d5 19. e5 Ne4 20. Bxe7 Qxe7 21. Nxe4 dxe4 22. Bxe4 Bxe4 23. Rxe4 Rac8 24. Re2 Qc5+ 25. Ref2 Qd4 26. Qb3 Rfd8 27. Kh1 Qxf2 0-1

[Event "Hamburg Junge op"]
[Site "Hamburg"]
[Date "2005.10.04"]
[Round "4"]
[White "Zimmermann, Gordon"]
[Black "Held, Florian"]
[Result "1-0"]
[WhiteElo "1748"]
[BlackElo "2052"]
[PlyCount "49"]
[EventDate "2005.10.01"]
[EventType "swiss"]
[EventRounds "9"]
[EventCountry "GER"]
[SourceTitle "CBM 108 Extra"]
[Source "ChessBase"]
[SourceDate "2005.11.04"]
[SourceVersion "1"]
[SourceVersionDate "2005.11.04"]
[SourceQuality "1"]

1. e4 c5 2. Nf3 e6 3. d4 cxd4 4. Nxd4 a6 5. Nc3 b5 6. Bd3 Qb6 7. Nb3 Qc7 8. 0-0 Nf6 9. f4 Bb7 10. Qe2 d6 11. Bd2 b4 12. Nd1 d5 13. exd5 Nxd5 14. f5 Bd6 15. fxe6 Bxh2+ 16. Kh1 Nf4 17. exf7+ Kd8 18. Bxf4 Bxf4 19. Qg4 g5 20. Nd4 h5 21. Qxg5+ Bxg5 22. Ne6+ Ke7 23. Nxc7 h4 24. f8Q+ Rxf8 25. Rxf8 1-0

[Event "Hamburg Junge op"]
[Site "Hamburg"]
[Date "2005.10.03"]
[Round "3"]
[White "Sander, Rolf"]
[Black "Zimmermann, Gordon"]
[Result "1/2-1/2"]
[WhiteElo "2048"]
[BlackElo "1748"]
[PlyCount "43"]
[EventDate "2005.10.01"]
[EventType "swiss"]
[EventRounds "9"]
[EventCountry "GER"]
[SourceTitle "CBM 108 Extra"]
[Source "ChessBase"]
[SourceDate "2005.11.04"]
[SourceVersion "1"]
[SourceVersionDate "2005.11.04"]
[SourceQuality "1"]

1. e4 e5 2. Nf3 Nc6 3. d4 exd4 4. Nxd4 Bc5 5. Be3 Qf6 6. c3 Nge7 7. Bc4 0-0 8. 0-0 a6 9. Kh1 Ne5 10. Be2 d6 11. Nd2 Ba7 12. N2f3 h6 13. Nc2 Bxe3 14. Nxe3 Ng4 15. Nxg4 Bxg4 16. h3 Be6 17. Nd4 Qe5 18. Nxe6 fxe6 19. Qd4 Qxd4 20. cxd4 Nc6 21. Rad1 Rf4 22. f3 1/2-1/2